Statistics for What Country Is That Language Spoken In?

Click here to take the quiz!

General Stats

  • This quiz has been taken 28 times
  • The average score is 12 of 14

Answer Stats

HintAnswer% Correct
SloveneSlovenia
100%
HawaiianUnited States
100%
TamilIndia
96%
BasqueSpain
96%
KhmerCambodia
92%
PersianIran
92%
ZuluSouth Africa
92%
KurdishTurkey
92%
PunjabiPakistan
88%
AmharicEthiopia
83%
FrisianNetherlands
71%
GilberteseKiribati
54%
HausaNigeria
50%
AcehneseIndonesia
46%

Score Distribution

Percentile by Number Answered

Percent of People with Each Score

Your Score History

You have not taken this quiz